La Planificació de la prevenció contra incendis forestals a la província de Barcelona
ISBN:
978-84-9803-345-8
Publicado:
Barcelona :
Diputació de Barcelona. Àrea d'Espais Naturals. Oficina Tècnica de Prevenció Municipal d'Incendis Forestals ,
2009
Descripción Física:
251 p., taules, gràf., map. ; 29 cm
Colección:
Documents de treball. Territori ; 10
MARC
| LEADER | 00000nam a2200000Ia 4500 | ||
|---|---|---|---|
| 001 | 22181 | ||
| 008 | 160829s2009 xx 000 0 cat d | ||
| 020 | |a 978-84-9803-345-8 | ||
| 080 | |a C-3-249 | ||
| 245 | |a La Planificació de la prevenció contra incendis forestals a la província de Barcelona | ||
| 260 | |a Barcelona : |b Diputació de Barcelona. Àrea d'Espais Naturals. Oficina Tècnica de Prevenció Municipal d'Incendis Forestals, |c 2009 | ||
| 300 | |a 251 p., taules, gràf., map. ; |c 29 cm | ||
| 490 | |a Documents de treball. Territori ; 10 | ||
| 590 | |a Referències bibliogràfiques a cada capítol. | ||
| 590 | |a Hi ha un exemplar en castellà amb R. 22182 | ||
| 650 | 0 | |a Incendis forestals |x Prevenció i control |9 50256 | |
| 710 | |a Barcelona (Catalunya : Província). |b Oficina Tècnica de Prevenció Municipal d'Incendis Forestals |9 9456 | ||
| 901 | |a Arxiu | ||
| 942 | |n 1 | ||
| 952 | |0 0 |1 0 |4 0 |6 C3249 |7 1 |9 51263 |a Arxiu |b Arxiu |d 2016-12-01 |l 0 |o C-3-249 |p 22181 |r 2016-12-01 00:00:00 |w 2016-12-01 |y ARXIU | ||
| 999 | |c 55107 |d 55107 | ||